000 00647nam a22002057a 4500
005 20250212110140.0
010 _aENG-143741
020 _c999.00
_a9788119798285
035 _aEN-127273
037 _bDBAD
082 _a320.1509
_21
100 _aOm, Hari
_977507
245 _aJammu and Kashmir Assembly Election 2024/
_cby Hari Om
250 _a1
260 _aNew Delhi
_bHar-Anand Publications Pvt Ltd
_c2024
270 _bNew Delhi
_e110020
_aE-49/3, Okhla Industrial Area, Phase II
_minfo@haranandbooks.com
300 _a262p.
_c22cm(pb)
700 _aOm, Hari
_eTranslator
_977463
942 _2ddc
_cEN
_mOM
_h320.1509
999 _c208967
_d208967